[Event "Moscow Aeroflot op-A 18th"]
[Site "Moscow"]
[Date "2019.02.26"]
[Round "8"]
[White "Zhu, Jiner"]
[Black "Moroni, Luca Jr"]
[Result "0-1"]
[WhiteElo "2442"]
[BlackElo "2567"]
[PlyCount "96"]
[EventDate "2019.02.20"]
[EventType "swiss"]
[EventRounds "9"]
[EventCountry "RUS"]
[SourceTitle "CBM 189"]
[Source "ChessBase"]
[SourceDate "2019.04.29"]
[SourceVersion "1"]
[SourceVersionDate "2019.04.29"]
[SourceQuality "1"]

1. e4 e5 2. Nf3 Nc6 3. Bb5 a6 4. Ba4 Nf6 5. O-O Be7 6. Re1 b5 7. Bb3 O-O 8. c3
d6 9. h3 Nb8 10. d4 Nbd7 11. c4 c6 12. Nc3 b4 13. Ne2 Nxe4 14. Qc2 Ndf6 15.
dxe5 dxe5 16. Nxe5 Bc5 17. Nd3 Ba7 18. Bf4 Bf5 19. Rad1 Qa5 20. Qc1 Rfe8 21.
Ng3 Nxg3 22. Bxg3 Rxe1+ 23. Nxe1 Re8 24. Nd3 h6 25. Kf1 Bxd3+ 26. Rxd3 Ne4 27.
c5 Nxc5 28. Rd1 Nxb3 29. axb3 Qh5 30. Qc2 Qb5+ 31. Kg1 Qe2 32. Rd2 Qe4 33. Qxe4
Rxe4 34. Rd8+ Kh7 35. Ra8 Re1+ 36. Kh2 Bd4 37. Rxa6 c5 38. Ra5 Rb1 39. Bd6 Bxf2
40. Bxc5 Bxc5 41. Rxc5 Rxb2 42. Rf5 Kg6 43. Rf3 f5 44. h4 Kf6 45. h5 Kg5 46.
Rh3 f4 47. Rf3 Rc2 48. Rd3 Kxh5 0-1

[Event "Moscow Aeroflot op-A 18th"]
[Site "Moscow"]
[Date "2019.02.27"]
[Round "9"]
[White "Arjun, Kalyan"]
[Black "Vokhidov, Shamsiddin"]
[Result "1-0"]
[WhiteElo "2444"]
[BlackElo "2494"]
[PlyCount "107"]
[EventDate "2019.02.20"]
[EventType "swiss"]
[EventRounds "9"]
[EventCountry "RUS"]
[SourceTitle "EXT 2020"]
[Source "ChessBase"]
[SourceDate "2019.10.17"]
[SourceVersion "1"]
[SourceVersionDate "2019.10.17"]
[SourceQuality "1"]

1. e4 d5 2. exd5 Nf6 3. d4 Bg4 4. Nf3 Qxd5 5. Nc3 Qf5 6. Bd3 Qh5 7. Ne4 Bxf3 8.
Nxf6+ exf6 9. Qxf3 Qxf3 10. gxf3 Nc6 11. c3 Bd6 12. Be3 Ne7 13. c4 c6 14. O-O-O
O-O 15. Kc2 Rfe8 16. h3 Rad8 17. Rhe1 g6 18. Bd2 Bc7 19. Bb4 Nc8 20. Rxe8+ Rxe8
21. Re1 Rd8 22. Bc3 Kg7 23. b4 Nb6 24. Re7 Rc8 25. Kb3 Kf8 26. Re1 Re8 27. a4
Rxe1 28. Bxe1 Nd7 29. b5 c5 30. Be4 b6 31. Bc6 Nb8 32. Bc3 Nxc6 33. bxc6 cxd4
34. Bxd4 Ke7 35. c5 Ke6 36. Kc4 bxc5 37. Bxc5 a6 38. Bd4 f5 39. Kc5 g5 40. Bg7
h5 41. f4 g4 42. h4 Bxf4 43. Kb6 Bd6 44. Kxa6 f4 45. Kb7 Kd5 46. Bc3 f3 47. Be1
f5 48. a5 f4 49. c7 Bxc7 50. Kxc7 Kd4 51. a6 Kd3 52. a7 Ke2 53. Bb4 g3 54. a8=Q
1-0

[Event "Moscow Aeroflot op-A 18th"]
[Site "Moscow"]
[Date "2019.02.27"]
[Round "9"]
[White "Chen, Qi B"]
[Black "Warmerdam, Max"]
[Result "1/2-1/2"]
[WhiteElo "2443"]
[BlackElo "2450"]
[PlyCount "24"]
[EventDate "2019.02.20"]
[EventType "swiss"]
[EventRounds "9"]
[EventCountry "RUS"]
[SourceTitle "EXT 2020"]
[Source "ChessBase"]
[SourceDate "2019.10.17"]
[SourceVersion "1"]
[SourceVersionDate "2019.10.17"]
[SourceQuality "1"]

1. e4 c5 2. Nf3 e6 3. Nc3 Nc6 4. d4 cxd4 5. Nxd4 Nf6 6. Ndb5 d6 7. Bf4 e5 8.
Bg5 a6 9. Na3 b5 10. Nd5 Be7 11. Bxf6 Bxf6 12. c4 b4 1/2-1/2

[Event "Moscow Aeroflot op-A 18th"]
[Site "Moscow"]
[Date "2019.02.27"]
[Round "9"]
[White "Deac, Bogdan Daniel"]
[Black "Paravyan, David"]
[Result "1/2-1/2"]
[WhiteElo "2603"]
[BlackElo "2627"]
[PlyCount "42"]
[EventDate "2019.02.20"]
[EventType "swiss"]
[EventRounds "9"]
[EventCountry "RUS"]
[SourceTitle "CBM 189"]
[Source "ChessBase"]
[SourceDate "2019.04.29"]
[SourceVersion "1"]
[SourceVersionDate "2019.04.29"]
[SourceQuality "1"]

1. e4 e5 2. Nf3 Nc6 3. Bb5 Nf6 4. O-O Nxe4 5. Re1 Nd6 6. Nxe5 Be7 7. Bf1 Nf5 8.
Nf3 O-O 9. d4 d5 10. c3 Bd6 11. b3 a6 12. Na3 Nh4 13. Nxh4 Qxh4 14. g3 Qg4 15.
Qxg4 Bxg4 16. Nc2 Bf3 17. Ne3 Rae8 18. Bd2 Ne7 19. Bd3 c5 20. Nc2 Nc6 21. Be3
cxd4 1/2-1/2

[Event "Moscow Aeroflot op-A 18th"]
[Site "Moscow"]
[Date "2019.02.27"]
[Round "9"]
[White "Debashis, Das"]
[Black "Dai, Changren"]
[Result "1-0"]
[WhiteElo "2532"]
[BlackElo "2473"]
[PlyCount "83"]
[EventDate "2019.02.20"]
[EventType "swiss"]
[EventRounds "9"]
[EventCountry "RUS"]
[SourceTitle "EXT 2020"]
[Source "ChessBase"]
[SourceDate "2019.10.17"]
[SourceVersion "1"]
[SourceVersionDate "2019.10.17"]
[SourceQuality "1"]

1. d4 d5 2. c4 e6 3. Nc3 Be7 4. cxd5 exd5 5. Bf4 c6 6. e3 Bf5 7. f3 Bg6 8. Nh3
Nf6 9. Bg3 Bd6 10. Be2 O-O 11. Qd2 Re8 12. Bf2 c5 13. dxc5 Bxc5 14. Nf4 Nc6 15.
Rd1 Ne7 16. g4 d4 17. exd4 Bd6 18. O-O h5 19. Bb5 Rf8 20. Bh4 Qc7 21. Nxg6 fxg6
22. Ne4 Bf4 23. Qe2 Nfd5 24. Qc4 Rfc8 25. Qxc7 Rxc7 26. Bxe7 Nxe7 27. d5 Rc2
28. d6 Nc6 29. Bxc6 bxc6 30. d7 Rd8 31. Rfe1 Kf7 32. gxh5 gxh5 33. b4 Bxh2+ 34.
Kh1 h4 35. Ng5+ Kg6 36. Re8 Bc7 37. Ne6 Bg3 38. Rxd8 h3 39. Nf4+ Bxf4 40. Rh8
Rh2+ 41. Kg1 Bg3 42. Rxh3 1-0

[Event "Moscow Aeroflot op-A 18th"]
[Site "Moscow"]
[Date "2019.02.27"]
[Round "9"]
[White "Donchenko, Alexander"]
[Black "Iturrizaga Bonelli, Eduardo"]
[Result "0-1"]
[WhiteElo "2600"]
[BlackElo "2640"]
[PlyCount "116"]
[EventDate "2019.02.20"]
[EventType "swiss"]
[EventRounds "9"]
[EventCountry "RUS"]
[SourceTitle "CBM 189"]
[Source "ChessBase"]
[SourceDate "2019.04.29"]
[SourceVersion "1"]
[SourceVersionDate "2019.04.29"]
[SourceQuality "1"]

1. c4 g6 2. d4 Bg7 3. Nc3 e6 4. Nf3 Ne7 5. h4 h6 6. Bf4 d6 7. Qd2 Nd7 8. O-O-O
b6 9. e4 Bb7 10. d5 e5 11. Be3 f5 12. g3 Nf6 13. Qc2 O-O 14. Nd2 c6 15. f3 cxd5
16. cxd5 a6 17. Kb1 b5 18. Bh3 Bc8 19. Qd3 Bd7 20. g4 fxg4 21. fxg4 Nxg4 22.
Rdg1 h5 23. Nd1 Nxe3 24. Qxe3 Kh7 25. Nf3 Bh6 26. Ng5+ Bxg5 27. Qxg5 Rf4 28.
Rf1 Bxh3 29. Rxf4 exf4 30. Rxh3 Ng8 31. Qxf4 Qf6 32. Qxf6 Nxf6 33. Nf2 Re8 34.
Re3 Kh6 35. Kc2 Nxd5 36. Rf3 Nb4+ 37. Kd2 Nc6 38. Rf7 Ne5 39. Ra7 Ng4 40. Nh3
Nf6 41. Rxa6 Rxe4 42. Rxd6 Rxh4 43. Rxf6 Rxh3 44. Rb6 Rf3 45. Rxb5 h4 46. Ke2
Rf8 47. Rb3 g5 48. Rf3 Rb8 49. b3 Kh5 50. Kf2 Rd8 51. Re3 Kg4 52. b4 h3 53.
Re4+ Kf5 54. Rc4 g4 55. Rc5+ Kf4 56. Rc4+ Kg5 57. Rc7 Rd2+ 58. Kg1 Kh4 0-1

[Event "Moscow Aeroflot op-A 18th"]
[Site "Moscow"]
[Date "2019.02.27"]
[Round "9"]
[White "Fier, Alexandr"]
[Black "Grachev, Boris V"]
[Result "1/2-1/2"]
[WhiteElo "2561"]
[BlackElo "2626"]
[PlyCount "55"]
[EventDate "2019.02.20"]
[EventType "swiss"]
[EventRounds "9"]
[EventCountry "RUS"]
[SourceTitle "CBM 189"]
[Source "ChessBase"]
[SourceDate "2019.04.29"]
[SourceVersion "1"]
[SourceVersionDate "2019.04.29"]
[SourceQuality "1"]

1. d4 d5 2. c4 e6 3. Nc3 a6 4. cxd5 exd5 5. Bf4 c6 6. e3 Bd6 7. Bxd6 Qxd6 8.
Bd3 Ne7 9. Qc2 g6 10. Nf3 O-O 11. O-O Bg4 12. Ne5 Bf5 13. Na4 Bxd3 14. Qxd3 f6
15. Nf3 Nd7 16. Rfe1 Rfe8 17. e4 dxe4 18. Qxe4 Kf7 19. Nc5 Nf5 20. Qc2 Nxc5 21.
dxc5 Qd5 22. Red1 Qe6 23. a3 Rad8 24. h3 h5 25. Re1 Qd5 26. Red1 Qe6 27. Re1
Qd5 28. Red1 1/2-1/2

[Event "Moscow Aeroflot op-A 18th"]
[Site "Moscow"]
[Date "2019.02.27"]
[Round "9"]
[White "Flom, Gabriel"]
[Black "Ghaem Maghami, Ehsan"]
[Result "1/2-1/2"]
[WhiteElo "2460"]
[BlackElo "2540"]
[PlyCount "52"]
[EventDate "2019.02.20"]
[EventType "swiss"]
[EventRounds "9"]
[EventCountry "RUS"]
[SourceTitle "CBM 189"]
[Source "ChessBase"]
[SourceDate "2019.04.29"]
[SourceVersion "1"]
[SourceVersionDate "2019.04.29"]
[SourceQuality "1"]

1. d4 Nf6 2. c4 e6 3. Nc3 Bb4 4. g3 c5 5. Nf3 b6 6. Bg2 Bb7 7. O-O Bxc3 8. bxc3
Nc6 9. dxc5 Na5 10. cxb6 axb6 11. Ba3 Nxc4 12. Bb4 Qc7 13. Qd4 d6 14. Nd2 Nxd2
15. Bxb7 Qxb7 16. Qxd2 Rd8 17. f3 Nd5 18. a4 O-O 19. Rfd1 Rd7 20. e4 Nxb4 21.
cxb4 d5 22. a5 bxa5 23. bxa5 Ra8 24. Qe3 d4 25. Qd3 Rd6 26. Rdb1 Qc7 1/2-1/2

[Event "Moscow Aeroflot op-A 18th"]
[Site "Moscow"]
[Date "2019.02.27"]
[Round "9"]
[White "Henderson de la Fuente, Lance"]
[Black "Sindarov, Javokhir"]
[Result "0-1"]
[WhiteElo "2490"]
[BlackElo "2505"]
[PlyCount "98"]
[EventDate "2019.02.20"]
[EventType "swiss"]
[EventRounds "9"]
[EventCountry "RUS"]
[SourceTitle "EXT 2020"]
[Source "ChessBase"]
[SourceDate "2019.10.17"]
[SourceVersion "1"]
[SourceVersionDate "2019.10.17"]
[SourceQuality "1"]

1. e4 c5 2. Nf3 Nc6 3. d4 cxd4 4. Nxd4 g6 5. c4 Bg7 6. Be3 d6 7. Nc3 Nf6 8. Be2
O-O 9. O-O Bd7 10. Qd2 Nxd4 11. Bxd4 Bc6 12. f3 a5 13. b3 Nd7 14. Be3 Nc5 15.
Rab1 e6 16. Rfd1 Be5 17. Bd4 Qe7 18. Qe3 Rfd8 19. Bf1 h5 20. Rd2 b6 21. Rbd1
Qf6 22. Bxe5 dxe5 23. Rd6 Rac8 24. a3 Rxd6 25. Rxd6 Qe7 26. Rd1 Nxb3 27. Qxb6
Qxa3 28. Nb5 Qb4 29. Kh1 Nd4 30. h3 a4 31. Qa7 Ra8 32. Qc7 Qc5 33. f4 a3 34.
fxe5 a2 35. Nxd4 a1=Q 36. Rxa1 Rxa1 37. Qd8+ Be8 38. Qxe8+ Kg7 39. Nxe6+ fxe6
40. Qd7+ Kh6 41. Qd2+ g5 42. Qe2 Qxe5 43. Kg1 Qf4 44. Qf2 h4 45. Qe2 Kg6 46.
Qd3 Re1 47. c5 Qe3+ 48. Qxe3 Rxe3 49. c6 Rc3 0-1

[Event "Moscow Aeroflot op-A 18th"]
[Site "Moscow"]
[Date "2019.02.27"]
[Round "9"]
[White "Inarkiev, Ernesto"]
[Black "Tabatabaei, Mohammad Amin"]
[Result "1-0"]
[WhiteElo "2692"]
[BlackElo "2590"]
[PlyCount "103"]
[EventDate "2019.02.20"]
[EventType "swiss"]
[EventRounds "9"]
[EventCountry "RUS"]
[SourceTitle "CBM 189"]
[Source "ChessBase"]
[SourceDate "2019.04.29"]
[SourceVersion "1"]
[SourceVersionDate "2019.04.29"]
[SourceQuality "1"]

1. e4 c5 2. Nf3 d6 3. d4 cxd4 4. Nxd4 Nf6 5. Nc3 Nc6 6. Bg5 e6 7. Qd2 a6 8.
O-O-O Bd7 9. f4 Be7 10. Nf3 b5 11. e5 b4 12. exf6 bxc3 13. Qxc3 gxf6 14. Kb1 a5
15. Nd4 Nxd4 16. Qxd4 Rb8 17. Bh4 Rb4 18. c4 Rg8 19. Rd2 h5 20. Qd3 Rg4 21. g3
Bc6 22. Bg2 Qa8 23. Bxc6+ Qxc6 24. Rc1 f5 25. a3 Rb7 26. Bxe7 Kxe7 27. Re1 Rg6
28. Qxf5 h4 29. Qd3 hxg3 30. hxg3 Rc7 31. f5 Rf6 32. g4 Qc5 33. Re4 Kd7 34. Qc3
exf5 35. Qxf6 fxe4 36. Qxf7+ Kd8 37. Qe6 Rc6 38. Qxe4 Kc7 39. Rg2 Qg5 40. Qf5
Qxf5+ 41. gxf5 Kd7 42. Rg7+ Ke8 43. Ra7 Rc5 44. f6 Rxc4 45. Rxa5 Rf4 46. Ra8+
Kf7 47. a4 Rf1+ 48. Kc2 Ra1 49. b4 Kxf6 50. b5 Ra2+ 51. Kb3 Ra1 52. Kb2 1-0

[Event "Moscow Aeroflot op-A 18th"]
[Site "Moscow"]
[Date "2019.02.27"]
[Round "9"]
[White "Karthik, Venkataraman"]
[Black "Suleymenov, Alisher"]
[Result "1-0"]
[WhiteElo "2494"]
[BlackElo "2428"]
[PlyCount "79"]
[EventDate "2019.02.20"]
[EventType "swiss"]
[EventRounds "9"]
[EventCountry "RUS"]
[SourceTitle "EXT 2020"]
[Source "ChessBase"]
[SourceDate "2019.10.17"]
[SourceVersion "1"]
[SourceVersionDate "2019.10.17"]
[SourceQuality "1"]

1. Nf3 c5 2. e4 Nc6 3. Bb5 d6 4. d4 cxd4 5. Qxd4 a6 6. Bxc6+ bxc6 7. O-O e5 8.
Qd3 Be7 9. c4 Nf6 10. Nc3 h6 11. Rd1 Qc7 12. h3 O-O 13. b3 Be6 14. Ba3 Rad8 15.
Rac1 Qa5 16. Na4 c5 17. Bb2 Nh5 18. Bc3 Qc7 19. Bd2 f5 20. Nc3 Kh8 21. Qe2 f4
22. Nd5 Bxd5 23. cxd5 Nf6 24. b4 a5 25. bxc5 dxc5 26. Qb5 Ra8 27. Qc6 Qd6 28.
Bc3 Qxc6 29. dxc6 Nxe4 30. Nxe5 Kh7 31. Nd7 Rfe8 32. Be5 Ra6 33. c7 Rc6 34. Re1
Ng5 35. Rb1 Bf6 36. Bxf6 Rxe1+ 37. Rxe1 Rxc7 38. Re7 Ne6 39. Nf8+ Kg8 40. Nxe6
1-0

[Event "Moscow Aeroflot op-A 18th"]
[Site "Moscow"]
[Date "2019.02.27"]
[Round "9"]
[White "Kevlishvili, Robby"]
[Black "Murzin, Volodar"]
[Result "1/2-1/2"]
[WhiteElo "2463"]
[BlackElo "2337"]
[PlyCount "90"]
[EventDate "2019.02.20"]
[EventType "swiss"]
[EventRounds "9"]
[EventCountry "RUS"]
[SourceTitle "EXT 2020"]
[Source "ChessBase"]
[SourceDate "2019.10.17"]
[SourceVersion "1"]
[SourceVersionDate "2019.10.17"]
[SourceQuality "1"]

1. e4 c6 2. d4 d5 3. exd5 cxd5 4. Bd3 Nc6 5. c3 g6 6. Nd2 Bf5 7. Be2 Bg7 8.
Ngf3 Nf6 9. O-O O-O 10. Re1 Rc8 11. Nf1 Bg4 12. Bg5 h6 13. Bh4 Bxf3 14. Bxf3 e6
15. Ne3 b5 16. a3 Qb6 17. Qd2 Kh7 18. Rad1 Na5 19. Bxf6 Bxf6 20. Ng4 Bg7 21. h4
Nc4 22. Qc2 h5 23. Nh2 Kg8 24. Be2 a5 25. Nf3 b4 26. axb4 axb4 27. Ng5 bxc3 28.
bxc3 Qb2 29. Qd3 Nd6 30. Bxh5 Rxc3 31. Qa6 Qa3 32. Qxa3 Rxa3 33. Bg4 Ra4 34.
Nxe6 fxe6 35. Bxe6+ Kh8 36. Bxd5 Rxd4 37. Rxd4 Bxd4 38. Bf3 Kg7 39. Re7+ Rf7
40. Rxf7+ Nxf7 41. g3 Ne5 42. Be2 Nd7 43. Kg2 Nc5 44. f4 Ne6 45. h5 gxh5
1/2-1/2

[Event "Moscow Aeroflot op-A 18th"]
[Site "Moscow"]
[Date "2019.02.27"]
[Round "9"]
[White "Macovei, Andrei"]
[Black "Liu, Yan"]
[Result "0-1"]
[WhiteElo "2435"]
[BlackElo "2498"]
[PlyCount "80"]
[EventDate "2019.02.20"]
[EventType "swiss"]
[EventRounds "9"]
[EventCountry "RUS"]
[SourceTitle "EXT 2020"]
[Source "ChessBase"]
[SourceDate "2019.10.17"]
[SourceVersion "1"]
[SourceVersionDate "2019.10.17"]
[SourceQuality "1"]

1. e4 c5 2. Nf3 d6 3. d4 cxd4 4. Nxd4 Nf6 5. Nc3 a6 6. f3 e5 7. Nb3 Be6 8. Be3
h5 9. Nd5 Bxd5 10. exd5 Nbd7 11. Qd2 g6 12. O-O-O Qc7 13. Kb1 Bg7 14. Be2 O-O
15. g4 Rfc8 16. Rc1 a5 17. g5 Nh7 18. a4 Nb6 19. Bb5 Nc4 20. Qe2 e4 21. Qxc4
Qxc4 22. Bxc4 Rxc4 23. Nd2 Rxa4 24. fxe4 b5 25. c3 b4 26. Kc2 bxc3 27. bxc3 Rc8
28. Kb3 Ra1 29. Rxa1 Rxc3+ 30. Ka4 Rxe3 31. Rac1 Rd3 32. Nc4 Rd4 33. Kb5 Nxg5
34. Nxd6 Bf8 35. Kc5 Rd2 36. e5 Nf3 37. Rcd1 Rxd1 38. Rxd1 Nxe5 39. Ra1 Kg7 40.
Rxa5 Bxd6+ 0-1

[Event "Moscow Aeroflot op-A 18th"]
[Site "Moscow"]
[Date "2019.02.27"]
[Round "9"]
[White "Maghsoodloo, Parham"]
[Black "Vaibhav, Suri"]
[Result "1/2-1/2"]
[WhiteElo "2666"]
[BlackElo "2575"]
[PlyCount "121"]
[EventDate "2019.02.20"]
[EventType "swiss"]
[EventRounds "9"]
[EventCountry "RUS"]
[SourceTitle "CBM 189"]
[Source "ChessBase"]
[SourceDate "2019.04.29"]
[SourceVersion "1"]
[SourceVersionDate "2019.04.29"]
[SourceQuality "1"]

1. d4 Nf6 2. Nf3 e6 3. Bg5 c5 4. e3 cxd4 5. exd4 Be7 6. Bd3 b6 7. O-O Bb7 8.
Nbd2 O-O 9. Re1 Nc6 10. c3 Nd5 11. Bxe7 Ncxe7 12. Bf1 Nf6 13. a4 a6 14. Qb3 Rb8
15. Qa3 d6 16. Ng5 Qc7 17. f3 Rfd8 18. Nge4 Ne8 19. Nf2 e5 20. a5 b5 21. dxe5
dxe5 22. Nb3 Rbc8 23. Nd3 Rd5 24. Rac1 e4 25. fxe4 Rh5 26. e5 Ng6 27. Qc5 Qb8
28. Qb6 Rc6 29. Qe3 f6 30. Nd4 Rc8 31. Be2 Rg5 32. Nf3 Bxf3 33. Bxf3 Nxe5 34.
Nxe5 Rxe5 35. Qf2 b4 36. Rxe5 Qxe5 37. Bg4 Rb8 38. cxb4 Rxb4 39. Re1 Re4 40.
Rxe4 Qxe4 41. h3 Nc7 42. Qd2 Qe5 43. Be2 h5 44. Kf1 Kh7 45. Ke1 g5 46. Kd1 Kg6
47. Qc2+ Kh6 48. Bxh5 f5 49. Be2 Qxa5 50. Qc6+ Kg7 51. Qd7+ Kf6 52. Qd8+ Ke5
53. Qxg5 Nd5 54. Qg7+ Ke4 55. Qb7 Kd4 56. Qa7+ Ke4 57. Bf3+ Kd3 58. Be2+ Ke4
59. Qb7 Kd4 60. Qg7+ Ke4 61. Qb7 1/2-1/2

[Event "Moscow Aeroflot op-A 18th"]
[Site "Moscow"]
[Date "2019.02.27"]
[Round "9"]
[White "Nabaty, Tamir"]
[Black "Iniyan, Panneerseluam"]
[Result "1-0"]
[WhiteElo "2688"]
[BlackElo "2480"]
[PlyCount "67"]
[EventDate "2019.02.20"]
[EventType "swiss"]
[EventRounds "9"]
[EventCountry "RUS"]
[SourceTitle "CBM 189"]
[Source "ChessBase"]
[SourceDate "2019.04.29"]
[SourceVersion "1"]
[SourceVersionDate "2019.04.29"]
[SourceQuality "1"]

1. d4 Nf6 2. g3 g6 3. Bg2 Bg7 4. e4 d6 5. Ne2 O-O 6. O-O e5 7. Nbc3 Nbd7 8. h3
c6 9. a4 a5 10. Be3 exd4 11. Bxd4 Re8 12. Re1 Qc7 13. Qd2 Nc5 14. e5 Nfd7 15.
Bxc5 dxc5 16. f4 f6 17. g4 fxe5 18. Ng3 Nf6 19. f5 gxf5 20. gxf5 e4 21. Qg5 h6
22. Qh4 e3 23. Rad1 Qb6 24. Nce4 Qxb2 25. Rd6 Rf8 26. Nxf6+ Rxf6 27. Rd8+ Rf8
28. Rxf8+ Bxf8 29. Rd1 Bg7 30. Rd8+ Kh7 31. f6 Bxf6 32. Qe4+ Kg7 33. Nh5+ Kf7
34. Qe8# 1-0

[Event "Moscow Aeroflot op-A 18th"]
[Site "Moscow"]
[Date "2019.02.27"]
[Round "9"]
[White "Safarli, Eltaj"]
[Black "Pourramezanali, Amirreza"]
[Result "1/2-1/2"]
[WhiteElo "2681"]
[BlackElo "2529"]
[PlyCount "39"]
[EventDate "2019.02.20"]
[EventType "swiss"]
[EventRounds "9"]
[EventCountry "RUS"]
[SourceTitle "CBM 189"]
[Source "ChessBase"]
[SourceDate "2019.04.29"]
[SourceVersion "1"]
[SourceVersionDate "2019.04.29"]
[SourceQuality "1"]

1. e4 e6 2. d4 d5 3. e5 c5 4. c3 Nc6 5. Nf3 Qb6 6. Na3 cxd4 7. cxd4 Bd7 8. Nc2
Nb4 9. Ne3 Bb5 10. a3 Nc6 11. g3 h5 12. h4 Nh6 13. Bxb5 Qxb5 14. Qe2 Qxe2+ 15.
Kxe2 Be7 16. b4 O-O 17. Ng2 Nf5 18. Be3 b5 19. Nf4 g6 20. Rhc1 1/2-1/2

[Event "Moscow Aeroflot op-A 18th"]
[Site "Moscow"]
[Date "2019.02.27"]
[Round "9"]
[White "Schitco, Ivan"]
[Black "Zhu, Jiner"]
[Result "1/2-1/2"]
[WhiteElo "2426"]
[BlackElo "2442"]
[PlyCount "64"]
[EventDate "2019.02.20"]
[EventType "swiss"]
[EventRounds "9"]
[EventCountry "RUS"]
[SourceTitle "EXT 2020"]
[Source "ChessBase"]
[SourceDate "2019.10.17"]
[SourceVersion "1"]
[SourceVersionDate "2019.10.17"]
[SourceQuality "1"]

1. d4 Nf6 2. c4 g6 3. Nf3 Bg7 4. e3 O-O 5. Be2 d6 6. Nc3 Nbd7 7. O-O e5 8. Qc2
c6 9. Rd1 Qe7 10. b4 a6 11. a4 Ne8 12. Ba3 f5 13. d5 c5 14. bxc5 Nxc5 15. a5
Qc7 16. Ng5 Bf6 17. Ne6 Nxe6 18. dxe6 Bxe6 19. Nd5 Bxd5 20. Rxd5 Be7 21. Qd1
Nf6 22. Bxd6 Bxd6 23. Rxd6 Rad8 24. c5 Kh8 25. Bf3 Rd7 26. Qb3 Rxd6 27. cxd6
Qxd6 28. Qxb7 Rb8 29. Qa7 Rb2 30. Rd1 Rd2 31. Rxd2 Qxd2 32. Qxa6 Qe1+ 1/2-1/2

[Event "Moscow Aeroflot op-A 18th"]
[Site "Moscow"]
[Date "2019.02.27"]
[Round "9"]
[White "Tsydypov, Zhamsaran"]
[Black "Goganov, Aleksey"]
[Result "1/2-1/2"]
[WhiteElo "2547"]
[BlackElo "2612"]
[PlyCount "30"]
[EventDate "2019.02.20"]
[EventType "swiss"]
[EventRounds "9"]
[EventCountry "RUS"]
[SourceTitle "CBM 189"]
[Source "ChessBase"]
[SourceDate "2019.04.29"]
[SourceVersion "1"]
[SourceVersionDate "2019.04.29"]
[SourceQuality "1"]

1. e4 c5 2. c3 d5 3. exd5 Qxd5 4. d4 Nf6 5. Nf3 e6 6. Na3 a6 7. Nc4 Nbd7 8. a4
cxd4 9. Nxd4 Bc5 10. Be3 O-O 11. a5 Ne5 12. Nb3 Bxe3 13. Nxe3 Qxd1+ 14. Rxd1
Bd7 15. Nc5 Bc6 1/2-1/2

[Event "Moscow Aeroflot op-A 18th"]
[Site "Moscow"]
[Date "2019.02.27"]
[Round "9"]
[White "Yakubboev, Nodirbek"]
[Black "Kobalia, Mihail"]
[Result "1-0"]
[WhiteElo "2569"]
[BlackElo "2627"]
[PlyCount "93"]
[EventDate "2019.02.20"]
[EventType "swiss"]
[EventRounds "9"]
[EventCountry "RUS"]
[SourceTitle "CBM 189"]
[Source "ChessBase"]
[SourceDate "2019.04.29"]
[SourceVersion "1"]
[SourceVersionDate "2019.04.29"]
[SourceQuality "1"]

1. d4 d5 2. c4 c6 3. Nf3 Nf6 4. e3 a6 5. Nbd2 Bf5 6. Nh4 Be6 7. b3 g6 8. Bd3
Bg7 9. Bb2 O-O 10. O-O Nbd7 11. a4 Ne8 12. Qc2 f5 13. Nhf3 Kh8 14. b4 Nd6 15.
c5 Ne4 16. Ne5 Bxe5 17. dxe5 a5 18. Nb3 axb4 19. f3 Nc3 20. Bxc3 bxc3 21. Qxc3
b6 22. a5 bxa5 23. Nd4 Bg8 24. Nxc6 Qc7 25. e6+ Nf6 26. Nd4 Rfc8 27. Rfc1 a4
28. f4 Qa5 29. c6 Ne8 30. Qa3 Ng7 31. Rc5 Qd2 32. Bf1 Rab8 33. Rc2 Qb4 34. Ba6
Rc7 35. Qxa4 Qb6 36. Rc3 Ra8 37. Qb5 Qxb5 38. Nxb5 Nxe6 39. Nxc7 Nxc7 40. Rca3
Kg7 41. Bd3 Rc8 42. Ra7 d4 43. exd4 Bd5 44. Ba6 Nxa6 45. R1xa6 Kf7 46. c7 Ke8
47. Ra5 1-0